Μελέτη των τροφικών πόρων των νεοσσών Γαλαζοπαπαδίτσας (Parus caeruleus) στο πευκοδάσος της Λέσβου : πτυχιακή εργασία

Αποθηκεύτηκε σε:
Λεπτομέρειες βιβλιογραφικής εγγραφής
Κύριος συγγραφέας: Κολιός, Σέργιος
Συγγραφή απο Οργανισμό/Αρχή: Πανεπιστήμιο Αιγαίου. Σχολή Περιβάλλοντος. Τμήμα Περιβάλλοντος
Άλλοι συγγραφείς: Ακριώτης, Τριαντάφυλλος (Εισηγητής διατριβής)
Μορφή: Thesis Βιβλίο
Γλώσσα:Greek
Δημοσίευση: Μυτιλήνη : Πανεπιστήμιο Αιγαίου, Τμήμα Περιβάλλοντος, 2006
Θέματα:
Διαθέσιμο Online:http://hdl.handle.net/11610/10423
Ετικέτες: Προσθήκη ετικέτας
Δεν υπάρχουν, Καταχωρήστε ετικέτα πρώτοι!

MARC

LEADER 00000cam a2200000 i 4500
001 1/38508
008 061130s2006 gre d
035 |l 10086361 
040 |a GR-MY-UA  |b gre  |e aacr 
041 0 |a gre 
082 0 |a 598  |2 (22) 
100 1 |a Κολιός, Σέργιος. 
245 1 0 |a Μελέτη των τροφικών πόρων των νεοσσών Γαλαζοπαπαδίτσας (Parus caeruleus) στο πευκοδάσος της Λέσβου :  |b πτυχιακή εργασία /  |c Κολιός Σέργιος ; επιβλέπων καθηγητής Ακριώτης Τριαντάφυλλος 
260 |a Μυτιλήνη :   |b Πανεπιστήμιο Αιγαίου, Τμήμα Περιβάλλοντος,   |c 2006 
300 |a 62 σ.;  |b πιν., σχ., εγχρ. εικ.;  |c 30 εκ. 
502 |a Πτυχιακή εργασία – Πανεπιστήμιο Αιγαίου, Λέσβος, 2006. 
504 |a Περιέχει ευρετήριο, βιβλιογραφία: σ. 59-62 
650 0 0 |a Birds  |z Greece  |z Lesbos (Municipality) 
650 0 0 |a Birds  |x Food. 
650 0 0 |a Birds  |x Habitat. 
650 0 0 |a Birds  |x Infancy. 
650 0 0 |a Parus. 
650 0 0 |a Dissertations, Academic  |z Greece. 
700 1 |a Ακριώτης, Τριαντάφυλλος.  |4 ths 
710 2 |a Πανεπιστήμιο Αιγαίου.   |b Σχολή Περιβάλλοντος.   |b Τμήμα Περιβάλλοντος. 
852 |a INST  |b LESVOS  |c DIATR  |e 20061130  |h 1079  |p 005100037441  |q 005100037441  |t DIE  |y 23 
852 |a INST  |b LESVOS  |c DIATR  |e 20061130  |h 1080  |p 005100037442  |q 005100037442  |t DIE  |y 23 
856 |u http://hdl.handle.net/11610/10423 
901 |a BIBL1-2006-3 
909 |a Λ  |b 131692 
909 |a Λ  |b 131693 
924 |a ΚΟΛΙΟΣ  |b ΣΕΡΓΙΟΣ  |y ΛΕΣΒΟΣ  |z 2006-10 
970 |a ΒΑΜΒΑΔΕΛΗ  |b ΑΝΝΑ  |z 2006/11/30